La famille Trintignant - Statistiques

Statistiques générales
  • Ce quiz a été pris 28 fois
  • Le résultat moyen est 4 sur 6
Statistiques - réponses
Hint Réponse % Correct
Comédienne (1962-2003) Marie
96%
Comédien (1930-2022) Jean-Louis
88%
Réalisatrice (1934-) Nadine
80%
Coureur automobile (1917-2005) Maurice
56%
Acteur et réalisateur (1973-) Vincent
36%
Coureur automobile (1903-1933) Louis
16%
Aucun quiz correspondant
Distribution des résultats
% des personnes avec chaque résultat
Percentile par nombre de réponses
Votre historique - résultats
Vous n’avez pas pris ce quiz